000 00780nam a22002417a 4500
003 UA-OsUOA
001 37788
007 ta
008 20060406b un ||||| |||| 00| 0 ukr d
090 _a343.575
_bП83
942 _cBK
040 _aUA-OsUOA
_brus
_cUA-OsUOA
_dUA-OsUOA
245 _aПротиводействие незаконному обороту наркотических средств и психотропных веществ
_bУчебное пособие
_cПод ред. Сергеева А. Н.
300 _a638 с.
955 _a2
041 _arus
080 _a343.575
020 _a5-93004-101-6
260 _aМ.
_c2003
246 3 1 _a2
_n
650 7 _a343 Кримінальне право. Карні порушення
_2UDC
999 _c323958
_d323958